[Event "CAN-ch"]
[Site "Toronto CAN"]
[Date "2004.08.25"]
[Round "6.28"]
[White "MacDonald, Jonathan"]
[Black "Southam, David"]
[Result "0-1"]
[WhiteElo "2125"]
[BlackElo "2125"]
[PlyCount "102"]
[GameId "2160767911078019"]
[EventDate "2004.08.20"]
[EventType "swiss"]
[EventRounds "11"]
[EventCountry "CAN"]

1. e4 e6 2. Nf3 d5 3. Nc3 Nf6 4. e5 Nfd7 5. d4 c5 6. dxc5 Nc6 7. Bf4 Bxc5 8. Bd3 f6 9. exf6 Nxf6 10. O-O O-O 11. Bg3 a6 12. Re1 Bd7 13. Ne2 e5 14. Nxe5 Nxe5 15. Bxe5 Ng4 16. Bd4 Bxd4 17. Nxd4 Qh4 18. Nf3 Qxf2+ 19. Kh1 Qc5 20. Rf1 Ne3 21. Qe1 Nxf1 22. Qh4 h6 23. Rxf1 Bf5 24. b4 Qd6 25. Qd4 Bxd3 26. Qxd3 Qxb4 27. Qxd5+ Kh8 28. Rg1 Rad8 29. Qh5 Kg8 30. Nh4 Qb5 31. Qg6 Qc6 32. Qg4 Qxc2 33. Ng6 Rfe8 34. Nf4 Qxa2 35. Nh5 Qf7 36. h3 Re5 37. Ng3 Rde8 38. Kh2 Rg5 39. Qa4 Re3 40. Nf1 Re1 41. Nd2 Rxg1 42. Kxg1 Qd5 43. Qe8+ Kh7 44. Qe2 a5 45. Nf3 Rg6 46. Kh1 Rd6 47. Kh2 Qd3 48. Qe8 Rf6 49. Ne5 Qd6 50. Kg1 Re6 51. Nf7 Qd4+ 0-1

[Event "CAN-ch"]
[Site "Toronto CAN"]
[Date "2004.08.25"]
[Round "6.30"]
[White "Boik, Andrew"]
[Black "Thavandiran, Shiyam"]
[Result "1-0"]
[WhiteElo "2058"]
[BlackElo "2253"]
[PlyCount "59"]
[GameId "2160767911078020"]
[EventDate "2004.08.20"]
[EventType "swiss"]
[EventRounds "11"]
[EventCountry "CAN"]

1. e4 c5 2. Nf3 Nc6 3. c3 Nf6 4. e5 Nd5 5. d4 cxd4 6. Bc4 Nb6 7. Bb3 d5 8. exd6 Qxd6 9. Na3 a6 10. O-O Bf5 11. Nxd4 Nxd4 12. cxd4 Rd8 13. Qf3 Qd7 14. Re1 Bg6 15. Bd2 e6 16. Ba5 Bxa3 17. bxa3 Qb5 18. Re5 Rd5 19. Bxd5 Nxd5 20. Bb4 a5 21. Rc1 axb4 22. Rc8+ Kd7 23. Rxh8 bxa3 24. Re1 Qb4 25. Rc1 Qb2 26. Rhc8 Qxa2 27. h4 h5 28. Qg3 Ke7 29. Qg5+ f6 30. Qxg6 1-0

[Event "CAN-ch"]
[Site "Toronto CAN"]
[Date "2004.08.25"]
[Round "6.32"]
[White "Davies, Noam"]
[Black "Anastasovski, Nikola"]
[Result "0-1"]
[WhiteElo "1953"]
[BlackElo "2080"]
[PlyCount "126"]
[GameId "2160767911078022"]
[EventDate "2004.08.20"]
[EventType "swiss"]
[EventRounds "11"]
[EventCountry "CAN"]

1. e4 e5 2. Nf3 Nc6 3. Bb5 f5 4. d3 fxe4 5. dxe4 Nf6 6. O-O d6 7. Nc3 Bg4 8. Qd3 Be7 9. Qc4 Bxf3 10. Bxc6+ bxc6 11. Qxc6+ Nd7 12. gxf3 O-O 13. Nd5 Rc8 14. f4 exf4 15. Qc4 Kh8 16. Nxf4 Ne5 17. Qc3 Qd7 18. f3 Rf6 19. Ng2 Rcf8 20. f4 Qg4 21. Qg3 Qe2 22. Be3 Rg6 23. Qf2 Qxf2+ 24. Rxf2 Ng4 25. Re2 Nxe3 26. Rxe3 Rxf4 27. Rf1 Rfg4 28. Rf2 Bf6 29. c3 h6 30. Kf1 Be5 31. h3 Rg3 32. Rxg3 Rxg3 33. Rf7 Rxh3 34. Rxc7 Rh1+ 35. Kf2 Rb1 36. Rxa7 Rxb2+ 37. Kf3 Bxc3 38. a4 Ra2 39. Nf4 Kh7 40. Kg4 Ra3 41. Kf5 Ra1 42. Nd5 Bd4 43. Rd7 Be5 44. Ra7 Rf1+ 45. Kg4 Rg1+ 46. Kf5 h5 47. Rb7 Kh6 48. a5 Rf1+ 49. Ke6 Ra1 50. Rb5 h4 51. Ne3 Kg5 52. Nc4 h3 53. Nxe5 dxe5 54. Rb2 Rxa5 55. Kf7 Ra7+ 56. Ke6 Kf4 57. Rh2 Kg3 58. Rb2 h2 59. Rb3+ Kg4 60. Rb1 Ra5 61. Kf7 g5 62. Kf6 Kh4 63. Kf5 g4 0-1

[Event "CAN-ch"]
[Site "Toronto CAN"]
[Date "2004.08.25"]
[Round "6.33"]
[White "Khaziyeva, Dinara"]
[Black "Belzberg, Sid"]
[Result "1-0"]
[WhiteElo "2098"]
[BlackElo "2039"]
[PlyCount "81"]
[GameId "2160767911078023"]
[EventDate "2004.08.20"]
[EventType "swiss"]
[EventRounds "11"]
[EventCountry "CAN"]

1. Nf3 c5 2. g3 g6 3. Bg2 Bg7 4. c4 e5 5. d3 d6 6. Nc3 Nc6 7. O-O Nge7 8. Rb1 O-O 9. a3 a5 10. Bd2 h6 11. Ne1 f5 12. Nd5 Nxd5 13. Bxd5+ Kh7 14. b4 axb4 15. axb4 f4 16. bxc5 dxc5 17. Bc3 Nd4 18. Bxd4 exd4 19. Bxb7 Bxb7 20. Rxb7 Ra2 21. Nf3 fxg3 22. hxg3 Qc8 23. Re7 Qa8 24. Qb1 Rb8 25. Qc1 Rf8 26. Qd1 Rf5 27. Nh4 Rh5 28. Ng2 Kg8 29. Qb1 Be5 30. Qb5 Kf8 31. Qxc5 Ra5 32. Ra7+ Rxc5 33. Rxa8+ Ke7 34. Rb1 Bc7 35. Nh4 Kf6 36. Kg2 Rce5 37. Ra6+ Kf7 38. Nf3 Rxe2 39. Nxd4 Re7 40. Rb5 Rxb5 41. Nxb5 1-0

[Event "CAN-ch"]
[Site "Toronto CAN"]
[Date "2004.08.25"]
[Round "6.34"]
[White "Goutor, Valentina"]
[Black "Cleto, Sam"]
[Result "1-0"]
[WhiteElo "2065"]
[BlackElo "1928"]
[PlyCount "29"]
[GameId "2160767911078024"]
[EventDate "2004.08.20"]
[EventType "swiss"]
[EventRounds "11"]
[EventCountry "CAN"]

1. e4 Nf6 2. e5 Ng8 3. d4 c6 4. f4 Na6 5. Nf3 e6 6. a3 Nh6 7. Bd3 Be7 8. c4 O-O 9. Nc3 Bh4+ 10. Nxh4 Qxh4+ 11. g3 Qd8 12. Qc2 g6 13. Ne4 Nf5 14. Nf6+ Kh8 15. g4 1-0

[Event "CAN-ch"]
[Site "Toronto CAN"]
[Date "2004.08.26"]
[Round "7"]
[White "Dougherty, Michael"]
[Black "Day, Lawrence"]
[Result "1/2-1/2"]
[WhiteElo "2229"]
[BlackElo "2266"]
[PlyCount "61"]
[GameId "2160767911078026"]
[EventDate "2004.08.20"]
[EventType "swiss"]
[EventRounds "11"]
[EventCountry "CAN"]
[SourceTitle "CBM 101 Extra"]
[Source "ChessBase"]
[SourceDate "2004.09.01"]
[SourceVersion "2"]
[SourceVersionDate "2004.09.01"]
[SourceQuality "1"]

1. b3 d5 2. Bb2 Bg4 3. Nf3 c6 4. e3 Nd7 5. Be2 e6 6. c4 Ngf6 7. d4 Bd6 8. Nbd2 Ne4 9. Nxe4 dxe4 10. Nd2 Bf5 11. g4 Bg6 12. h4 h6 13. Qc2 Be7 14. Nxe4 Bxh4 15. Bd3 Bxe4 16. Bxe4 Be7 17. a3 Qc7 18. d5 cxd5 19. cxd5 Qxc2 20. Bxc2 e5 21. b4 Bd6 22. g5 Ke7 23. gxh6 Rxh6 24. Rxh6 gxh6 25. Ke2 Nb6 26. Rh1 a5 27. Bb3 axb4 28. axb4 Nd7 29. Rxh6 Bxb4 30. d6+ Bxd6 31. Bxf7 1/2-1/2

[Event "CAN-ch"]
[Site "Toronto CAN"]
[Date "2004.08.26"]
[Round "7"]
[White "Kret, Ted"]
[Black "Yoos, John"]
[Result "0-1"]
[WhiteElo "2142"]
[BlackElo "2405"]
[PlyCount "54"]
[GameId "2160767911078028"]
[EventDate "2004.08.20"]
[EventType "swiss"]
[EventRounds "11"]
[EventCountry "CAN"]
[SourceTitle "CBM 101 Extra"]
[Source "ChessBase"]
[SourceDate "2004.09.01"]
[SourceVersion "2"]
[SourceVersionDate "2004.09.01"]
[SourceQuality "1"]

1. d4 d5 2. c4 Nc6 3. Nf3 Bg4 4. Nc3 e6 5. g3 Bxf3 6. exf3 dxc4 7. Be3 Qd7 8. Qa4 Rd8 9. O-O-O Nb4 10. Qxa7 Qc6 11. Qa5 Nf6 12. a3 Nbd5 13. Nb5 Bd6 14. Na7 Qd7 15. Bxc4 Ra8 16. g4 O-O 17. g5 Nh5 18. g6 hxg6 19. Bxd5 exd5 20. Qxd5 Rxa7 21. Rhg1 Nf4 22. Qc4 Ra4 23. Qf1 Qf5 24. h4 Qd5 25. Rg5 Qb3 26. Rb5 Rc4+ 27. Kb1 Qxb5 0-1

[Event "CAN-ch"]
[Site "Toronto CAN"]
[Date "2004.08.26"]
[Round "7"]
[White "Tessier, Olivier"]
[Black "Masse, Hugues"]
[Result "0-1"]
[WhiteElo "2141"]
[BlackElo "2143"]
[PlyCount "56"]
[GameId "2160767911078030"]
[EventDate "2004.08.20"]
[EventType "swiss"]
[EventRounds "11"]
[EventCountry "CAN"]
[SourceTitle "CBM 101 Extra"]
[Source "ChessBase"]
[SourceDate "2004.09.01"]
[SourceVersion "2"]
[SourceVersionDate "2004.09.01"]
[SourceQuality "1"]

1. c4 Nf6 2. Nc3 d5 3. cxd5 Nxd5 4. g3 g6 5. Bg2 Nxc3 6. bxc3 Bg7 7. Rb1 Nd7 8. h4 c5 9. Qc2 Qc7 10. d3 Rb8 11. Nh3 b6 12. O-O O-O 13. c4 Bb7 14. Bg5 Bxg2 15. Kxg2 Ne5 16. Qd2 Rbd8 17. Rh1 Nxc4 18. Qc1 Ne5 19. h5 Qc6+ 20. f3 Rxd3 21. Ng1 Rd7 22. Bh6 Bxh6 23. Qxh6 Ng4 24. Qg5 Nf6 25. Nh3 Rd5 26. Qf4 Qd6 27. Qc1 Nxh5 28. f4 Rd2 0-1

[Event "CAN-ch"]
[Site "Toronto CAN"]
[Date "2004.08.26"]
[Round "7.1"]
[White "Spraggett, Kevin"]
[Black "Hamilton, Robert"]
[Result "1-0"]
[WhiteElo "2630"]
[BlackElo "2389"]
[PlyCount "105"]
[GameId "2160767911078031"]
[EventDate "2004.08.20"]
[EventType "swiss"]
[EventRounds "11"]
[EventCountry "CAN"]

1. e4 e6 2. d4 d5 3. Nc3 dxe4 4. Nxe4 Bd7 5. Nf3 Bc6 6. Bd3 Bxe4 7. Bxe4 c6 8. O-O Nf6 9. Bd3 Nbd7 10. b3 Be7 11. Bb2 O-O 12. c4 c5 13. Qe2 Re8 14. Bc2 Qc7 15. a3 b6 16. Rfe1 Rad8 17. Rad1 Bf8 18. h3 g6 19. Bc1 a6 20. dxc5 bxc5 21. Bg5 Be7 22. Rb1 a5 23. Bd2 Bf8 24. Red1 Nb8 25. Qe5 Qe7 26. Bxa5 Rxd1+ 27. Rxd1 Nc6 28. Qc7 Nxa5 29. Qxa5 e5 30. Re1 e4 31. Nd2 Qe5 32. Nf1 Bh6 33. a4 e3 34. Nxe3 Bxe3 35. fxe3 g5 36. Qd2 g4 37. h4 g3 38. e4 Kh8 39. Rd1 Rg8 40. Qd6 Qc3 41. Qd3 Qe5 42. Rf1 Ng4 43. Bd1 Nf2 44. Qe3 f5 45. Bf3 Rg6 46. Re1 f4 47. Qc1 Rd6 48. Qa1 Rd4 49. a5 Nd3 50. a6 Nxe1 51. a7 Nc2 52. a8=Q+ Kg7 53. Q1a7+ 1-0

[Event "CAN-ch"]
[Site "Toronto CAN"]
[Date "2004.08.26"]
[Round "7.2"]
[White "Divljan, Igor"]
[Black "Tyomkin, Dimitri"]
[Result "0-1"]
[WhiteElo "2344"]
[BlackElo "2550"]
[PlyCount "104"]
[GameId "2160767911078032"]
[EventDate "2004.08.20"]
[EventType "swiss"]
[EventRounds "11"]
[EventCountry "CAN"]

1. d4 Nf6 2. c4 g6 3. Nc3 d5 4. Nf3 Bg7 5. Bg5 Ne4 6. cxd5 Nxg5 7. Nxg5 e6 8. Qd2 h6 9. Nh3 exd5 10. Nf4 c5 11. Qe3+ Kf8 12. O-O-O cxd4 13. Rxd4 Qb6 14. Rxd5 Qxe3+ 15. fxe3 Nc6 16. Rd1 Bxc3 17. bxc3 Bf5 18. g3 Re8 19. Bg2 Rxe3 20. Kd2 Re5 21. Nd3 Ra5 22. Ra1 Kg7 23. Rhb1 Rd8 24. Rxb7 Ne5 25. Bf1 Nc4+ 26. Ke1 Ne3 27. Kf2 Nxf1 28. Kxf1 Bxd3 29. exd3 Rxd3 30. Kg1 Rf3 31. a4 h5 32. Rc7 h4 33. Kg2 Rf6 34. Rc4 hxg3 35. hxg3 Raf5 36. Ra2 a5 37. Rc2 g5 38. Rc8 Rh6 39. Rf2 Rh2+ 40. Kxh2 Rxf2+ 41. Kg1 Ra2 42. Rc5 Rxa4 43. Rxg5+ Kf6 44. Rb5 Ra2 45. Rb1 a4 46. Rf1+ Ke6 47. Re1+ Kd5 48. Rf1 a3 49. Rf5+ Ke4 50. Rf4+ Ke3 51. Ra4 Kf3 52. g4 Rg2+ 0-1

[Event "CAN-ch"]
[Site "Toronto CAN"]
[Date "2004.08.26"]
[Round "7.3"]
[White "Zugic, Igor"]
[Black "Lawson, Eric"]
[Result "1/2-1/2"]
[WhiteElo "2522"]
[BlackElo "2336"]
[PlyCount "75"]
[GameId "2160767911078033"]
[EventDate "2004.08.20"]
[EventType "swiss"]
[EventRounds "11"]
[EventCountry "CAN"]

1. d4 Nf6 2. c4 c5 3. d5 b5 4. cxb5 a6 5. bxa6 Bxa6 6. Nc3 g6 7. Nf3 d6 8. e4 Bxf1 9. Kxf1 Nbd7 10. h3 Bg7 11. g3 O-O 12. Kg2 Ra6 13. Re1 Qa8 14. Re2 e6 15. dxe6 fxe6 16. Ng5 d5 17. exd5 exd5 18. Kg1 d4 19. Nb5 Nd5 20. Ne6 Ne5 21. Rxe5 Bxe5 22. Nxf8 Qxf8 23. Qb3 Qf7 24. Bd2 Nb4 25. Qxf7+ Kxf7 26. a3 Nd5 27. Rc1 Rc6 28. f4 Bg7 29. Kf2 Ke6 30. b3 Nc7 31. Nxc7+ Rxc7 32. Ke2 Kd5 33. Kd3 Rb7 34. Rb1 Bf8 35. a4 Bd6 36. a5 h5 37. a6 Rb6 38. a7 1/2-1/2

[Event "CAN-ch"]
[Site "Toronto CAN"]
[Date "2004.08.26"]
[Round "7.5"]
[White "Milicevic, Goran"]
[Black "Bluvshtein, Mark"]
[Result "1-0"]
[WhiteElo "2328"]
[BlackElo "2520"]
[PlyCount "69"]
[GameId "2160767911078035"]
[EventDate "2004.08.20"]
[EventType "swiss"]
[EventRounds "11"]
[EventCountry "CAN"]

1. e4 c5 2. Nf3 d6 3. Bc4 Nc6 4. c3 Nf6 5. Qe2 e6 6. Bb3 Be7 7. d4 cxd4 8. cxd4 d5 9. e5 Ne4 10. O-O O-O 11. Nbd2 Nxd2 12. Bxd2 Bd7 13. Bc2 b5 14. Qd3 g6 15. Qe3 f6 16. Rac1 fxe5 17. Nxe5 Nxe5 18. dxe5 Qb6 19. Qg3 Rf7 20. Bh6 Kh8 21. Bd3 b4 22. Qh3 Kg8 23. Qg3 Bf8 24. Be3 Qa5 25. h4 Bg7 26. h5 gxh5 27. Qg5 d4 28. Bxd4 Qd5 29. Rfd1 Rc8 30. Rxc8+ Bxc8 31. Qxh5 Bb7 32. Bxh7+ Kf8 33. Bc5+ Qxc5 34. Rd8+ Ke7 35. Qg5+ 1-0

[Event "CAN-ch"]
[Site "Toronto CAN"]
[Date "2004.08.26"]
[Round "7.7"]
[White "Ochkoos, Jura"]
[Black "Gardner, Robert"]
[Result "1-0"]
[WhiteElo "2338"]
[BlackElo "2249"]
[PlyCount "119"]
[GameId "2160767911078036"]
[EventDate "2004.08.20"]
[EventType "swiss"]
[EventRounds "11"]
[EventCountry "CAN"]

1. e4 d6 2. d4 Nf6 3. Nc3 g6 4. f4 Bg7 5. Nf3 c5 6. dxc5 Qa5 7. Bd3 Qxc5 8. Qe2 Bg4 9. Be3 Qa5 10. O-O O-O 11. Qe1 Bxf3 12. Rxf3 Nc6 13. a3 Ng4 14. b4 Qd8 15. Bd2 a5 16. b5 Nd4 17. Rf1 Rc8 18. Rc1 e6 19. Kh1 b6 20. h3 Nf6 21. Be3 Nd7 22. Na4 Nc5 23. Nxc5 dxc5 24. Bc4 Qd7 25. Qd2 Rcd8 26. c3 Nf5 27. Qf2 Nd6 28. Rfd1 Nxe4 29. Qe1 Qb7 30. Rxd8 Rxd8 31. Be2 Qe7 32. Bf3 Nd6 33. a4 Nf5 34. Bf2 Qc7 35. Qe4 Rd2 36. Be1 Rd8 37. Bf2 Bf6 38. g3 e5 39. g4 Nd6 40. Qc6 Qxc6 41. bxc6 e4 42. Be2 Rc8 43. Bb5 Rc7 44. Bg3 Nxb5 45. axb5 Rc8 46. f5 gxf5 47. gxf5 a4 48. Ra1 Bxc3 49. Rxa4 Bd4 50. Kg2 Kg7 51. Ra6 c4 52. Ra4 Kf6 53. Rxc4 Be5 54. Rxe4 Bxg3 55. Kxg3 Kxf5 56. Re7 Kf6 57. Rb7 Ke6 58. Rxb6 Kd6 59. Rb7 Kc5 60. c7 1-0

[Event "CAN-ch"]
[Site "Toronto CAN"]
[Date "2004.08.26"]
[Round "7.9"]
[White "Krnan, Tomas"]
[Black "Jiganchine, Roman"]
[Result "1-0"]
[WhiteElo "2409"]
[BlackElo "2218"]
[PlyCount "130"]
[GameId "2160767911078037"]
[EventDate "2004.08.20"]
[EventType "swiss"]
[EventRounds "11"]
[EventCountry "CAN"]

1. e4 c6 2. d4 d5 3. Nd2 dxe4 4. Nxe4 Bf5 5. Nc5 Qb6 6. g4 Bg6 7. f4 e6 8. Qe2 Bxc5 9. dxc5 Qb4+ 10. c3 Qe4 11. Bg2 Qxe2+ 12. Nxe2 Nf6 13. g5 Nd5 14. Bd2 Nd7 15. b4 O-O 16. O-O Rad8 17. Ng3 Ne7 18. Be3 f6 19. Bh3 Nf5 20. Rae1 Rfe8 21. Bf2 Nxg3 22. Bxg3 Bf5 23. Bg2 Nb8 24. Rd1 Bd3 25. Rf2 Bc4 26. Rfd2 Rxd2 27. Rxd2 Bd5 28. Bf1 Be4 29. Kf2 Kf7 30. Ke3 Bf5 31. Bg2 Ke7 32. Bh4 Nd7 33. Rd6 Rc8 34. Bf3 Nb6 35. gxf6+ gxf6 36. Bxf6+ Kxf6 37. cxb6 Ke7 38. Rd2 axb6 39. Be4 Bxe4 40. Kxe4 Rg8 41. Rd3 Rg2 42. Rh3 Rxa2 43. Rxh7+ Kd6 44. h4 Re2+ 45. Kf3 Rc2 46. Rxb7 Rxc3+ 47. Kg4 Rc4 48. Rxb6 Kc7 49. Ra6 e5 50. Ra7+ Kd6 51. Rf7 Rxb4 52. Rf6+ Kd7 53. h5 exf4 54. h6 Rb8 55. Kxf4 Kc7 56. Kg5 Kb6 57. h7 Kc5 58. Kh6 Rh8 59. Kg7 Rxh7+ 60. Kxh7 Kd5 61. Kg6 c5 62. Kf5 Kd4 63. Kf4 Kd3 64. Rd6+ Kc3 65. Ke3 c4 1-0

[Event "CAN-ch"]
[Site "Toronto CAN"]
[Date "2004.08.26"]
[Round "7.10"]
[White "Wang, David"]
[Black "Stevens, Christian"]
[Result "1/2-1/2"]
[WhiteElo "2183"]
[BlackElo "2320"]
[PlyCount "31"]
[GameId "2160767911078038"]
[EventDate "2004.08.20"]
[EventType "swiss"]
[EventRounds "11"]
[EventCountry "CAN"]

1. e4 c5 2. Nf3 e6 3. d4 cxd4 4. Nxd4 a6 5. Bd3 Bc5 6. Nb3 Be7 7. O-O d6 8. c4 Nf6 9. Nc3 Qc7 10. Be3 Nbd7 11. f4 b6 12. Qf3 Bb7 13. Rae1 Rc8 14. Qh3 g6 15. Bd4 h5 16. Bf2 1/2-1/2

[Event "CAN-ch"]
[Site "Toronto CAN"]
[Date "2004.08.26"]
[Round "7.11"]
[White "Noritsyn, Nikolay"]
[Black "Cazelais, Marc"]
[Result "1-0"]
[WhiteElo "2323"]
[BlackElo "2192"]
[PlyCount "77"]
[GameId "2160767911078039"]
[EventDate "2004.08.20"]
[EventType "swiss"]
[EventRounds "11"]
[EventCountry "CAN"]

1. e4 c5 2. Nf3 Nc6 3. d4 cxd4 4. Nxd4 Nf6 5. Nc3 e5 6. Ndb5 d6 7. Bg5 a6 8. Na3 b5 9. Nd5 Qa5+ 10. Bd2 Qd8 11. Bd3 Nxd5 12. exd5 Ne7 13. c4 g6 14. cxb5 Bg7 15. Qb3 O-O 16. O-O Rb8 17. Be3 f5 18. Ba7 Ra8 19. b6 Bb7 20. Nc4 Bxd5 21. Qa3 Nc6 22. Ne3 Be6 23. Qxa6 Rf7 24. Bc4 Bxc4 25. Nxc4 Nxa7 26. b7 Rb8 27. Na5 e4 28. Qxa7 Bd4 29. Qxd4 Qxa5 30. Qxd6 Rbxb7 31. b3 Rfd7 32. Qe6+ Kg7 33. a3 Rd3 34. b4 Qa7 35. Qe5+ Kh6 36. Qf4+ Kg7 37. Qe5+ Kh6 38. Qc5 Rxa3 39. Qc1+ 1-0

[Event "CAN-ch"]
[Site "Toronto CAN"]
[Date "2004.08.26"]
[Round "7.13"]
[White "Barron, Michael"]
[Black "Feoktistov, Dmitri"]
[Result "0-1"]
[WhiteElo "2257"]
[BlackElo "2175"]
[PlyCount "114"]
[GameId "2160767911086233"]
[EventDate "2004.08.20"]
[EventType "swiss"]
[EventRounds "11"]
[EventCountry "CAN"]

1. e4 c6 2. d4 d5 3. Nd2 dxe4 4. Nxe4 Nf6 5. Nxf6+ gxf6 6. g3 Bf5 7. Bg2 Nd7 8. Nf3 Nb6 9. O-O Qd7 10. b3 Bh3 11. c4 Bxg2 12. Kxg2 h5 13. a4 Rd8 14. Bb2 Bg7 15. Re1 Nc8 16. Nh4 Kf8 17. Qf3 Qg4 18. Qxg4 hxg4 19. Re4 Rxh4 20. gxh4 f5 21. Ree1 c5 22. Rad1 cxd4 23. h5 Bf6 24. Rh1 Kg7 25. h3 gxh3+ 26. Rxh3 e5 27. Rhd3 f4 28. c5 Ne7 29. Kf3 Kh7 30. Ke4 Rg8 31. b4 Bh8 32. Rh3 f5+ 33. Kd3 Nc6 34. Kc4 Rg2 35. Rf3 Ne7 36. Re1 Bf6 37. b5 Kh6 38. Bxd4 exd4 39. Re6 Kg7 40. a5 Rg1 41. Rd6 Rc1+ 42. Kb4 Be5 43. Rd7 Kf6 44. Rxb7 Nd5+ 45. Kb3 Rxc5 46. h6 Kg5 47. Rh3 Kg4 48. Rh2 Kf3 49. h7 d3 50. h8=Q Bxh8 51. Rxh8 d2 52. Rh1 Rc1 53. Rbh7 Re1 54. R7h3+ Ke2 55. Kc4 d1=Q 56. Rxe1+ Qxe1 57. Kxd5 Qxa5 0-1

[Event "CAN-ch"]
[Site "Toronto CAN"]
[Date "2004.08.26"]
[Round "7.14"]
[White "McTavish, David"]
[Black "Predescu, Sebastian"]
[Result "1/2-1/2"]
[WhiteElo "2159"]
[BlackElo "2232"]
[PlyCount "54"]
[GameId "2160767911086234"]
[EventDate "2004.08.20"]
[EventType "swiss"]
[EventRounds "11"]
[EventCountry "CAN"]

1. e4 c5 2. Nf3 d6 3. d4 cxd4 4. Nxd4 Nf6 5. Nc3 a6 6. Be3 e5 7. Nb3 Be6 8. f3 Nbd7 9. g4 b5 10. g5 Nh5 11. Qd2 Nb6 12. Nd5 Bxd5 13. exd5 Qc7 14. O-O-O Be7 15. Na5 O-O 16. Nc6 Bd8 17. Kb1 Rc8 18. Bxb6 Qxb6 19. Bh3 Rc7 20. Bf5 Nf4 21. h4 Nxd5 22. Nxd8 Ne3 23. Nxf7 Nxf5 24. Nxd6 Nxd6 25. Qxd6 Qxd6 26. Rxd6 Rxf3 27. c3 Re7 1/2-1/2

[Event "CAN-ch"]
[Site "Toronto CAN"]
[Date "2004.08.26"]
[Round "7.15"]
[White "Moskvitch, Andrei"]
[Black "Quan Zhe"]
[Result "0-1"]
[WhiteElo "2142"]
[BlackElo "2420"]
[PlyCount "116"]
[GameId "2160767911086235"]
[EventDate "2004.08.20"]
[EventType "swiss"]
[EventRounds "11"]
[EventCountry "CAN"]

1. e4 c5 2. Nf3 d6 3. d4 cxd4 4. Nxd4 Nf6 5. Nc3 a6 6. Be2 e5 7. Nb3 Be7 8. Bg5 Be6 9. Bxf6 Bxf6 10. Qd3 Nc6 11. O-O-O Nd4 12. Kb1 O-O 13. Nxd4 exd4 14. Nd5 Bxd5 15. exd5 Re8 16. Qf3 Re5 17. Bd3 Qa5 18. Qh3 h6 19. f4 Re3 20. Qf5 Rae8 21. g4 Kf8 22. h4 Re1 23. a3 Rxh1 24. Rxh1 Bxh4 25. g5 g6 26. Qg4 hxg5 27. fxg5 Re1+ 28. Rxe1 Qxe1+ 29. Ka2 Kg7 30. Qd7 Bxg5 31. Qxb7 Qe5 32. Qxa6 Bd2 33. Qb5 g5 34. a4 Qe1 35. Qd7 Bf4 36. Qf5 Qb4 37. Kb1 Qxa4 38. Be2 Qe8 39. Bh5 Qe7 40. Ka2 Bc1 41. Kb1 Bd2 42. Qd3 Be3 43. Qf5 Bf4 44. Ka2 Be5 45. Kb1 Qf6 46. Qxf6+ Bxf6 47. Kc1 Bd8 48. Kd2 f5 49. Be2 Kf6 50. Ke1 Ba5+ 51. Kf2 g4 52. Ba6 Kg5 53. Bc8 f4 54. Kg2 f3+ 55. Kf2 Kf4 56. Be6 g3+ 57. Kf1 g2+ 58. Kf2 d3 0-1

[Event "CAN-ch"]
[Site "Toronto CAN"]
[Date "2004.08.26"]
[Round "7.17"]
[White "Sasata, Robert"]
[Black "Patterson, Roger"]
[Result "1-0"]
[WhiteElo "2355"]
[BlackElo "2195"]
[PlyCount "71"]
[GameId "2160767911086236"]
[EventDate "2004.08.20"]
[EventType "swiss"]
[EventRounds "11"]
[EventCountry "CAN"]

1. d4 Nf6 2. c4 e6 3. Nc3 d5 4. cxd5 exd5 5. Bg5 Be7 6. e3 O-O 7. Bd3 h6 8. Bh4 b6 9. Nf3 Bb7 10. Bxf6 Bxf6 11. g4 c5 12. h4 cxd4 13. exd4 Nc6 14. Ne2 Re8 15. Kf1 Nb4 16. Bb5 Re4 17. Qd2 a6 18. Ba4 a5 19. g5 Ba6 20. Bd1 hxg5 21. hxg5 Nd3 22. gxf6 Nf4 23. Ng5 Rxe2 24. Bxe2 Bxe2+ 25. Qxe2 Nxe2 26. Rh8+ Kxh8 27. Nxf7+ Kg8 28. Nxd8 Rxd8 29. Kxe2 gxf6 30. Rc1 Re8+ 31. Kd3 Kf7 32. a4 Re6 33. Rc7+ Re7 34. Rc8 Re8 35. Rxe8 Kxe8 36. Ke3 1-0

[Event "CAN-ch"]
[Site "Toronto CAN"]
[Date "2004.08.26"]
[Round "7.19"]
[White "Djerkovic, Miladin"]
[Black "Davies, Lucas"]
[Result "0-1"]
[WhiteElo "2270"]
[BlackElo "2153"]
[PlyCount "114"]
[GameId "2160767911086237"]
[EventDate "2004.08.20"]
[EventType "swiss"]
[EventRounds "11"]
[EventCountry "CAN"]

1. e4 c6 2. d4 d5 3. Nd2 dxe4 4. Nxe4 Nd7 5. Ng5 Ngf6 6. Bd3 e6 7. N1f3 Bd6 8. Qe2 h6 9. Ne4 Nxe4 10. Qxe4 Nf6 11. Qe2 O-O 12. Bd2 Qc7 13. c4 c5 14. dxc5 Bxc5 15. b4 Bd6 16. O-O b6 17. Rac1 Qe7 18. Nd4 Bb7 19. a3 Rac8 20. Rfe1 Rfd8 21. Bc3 Bb8 22. g3 Qd6 23. Red1 Kh8 24. b5 Qc5 25. Nf3 Qh5 26. Ne5 Qxe2 27. Bxe2 Kg8 28. Nc6 Bxc6 29. bxc6 Ne4 30. Rxd8+ Rxd8 31. Be1 Rd6 32. Rd1 Rxd1 33. Bxd1 Bd6 34. Bb4 Nc5 35. a4 Kf8 36. a5 Ke7 37. axb6 axb6 38. Bc3 g6 39. Bf3 Kd8 40. g4 Bf4 41. Bf6+ Kc7 42. h4 Na6 43. Be4 Nb4 44. h5 gxh5 45. gxh5 Nxc6 46. Bg6 Be5 47. Bxe5+ Nxe5 48. Bh7 Nxc4 49. f4 Kd6 50. Kf2 f5 51. Ke2 Ke7 52. Kd3 Nd6 53. Kd4 b5 54. Kc5 Ne4+ 55. Kxb5 Ng3 56. Bg6 Ne2 57. Kc4 Nxf4 0-1

[Event "CAN-ch"]
[Site "Toronto CAN"]
[Date "2004.08.26"]
[Round "7.21"]
[White "Southam, David"]
[Black "Mikanovic, Goran"]
[Result "1/2-1/2"]
[WhiteElo "2129"]
[BlackElo "2349"]
[PlyCount "71"]
[GameId "2160767911086239"]
[EventDate "2004.08.20"]
[EventType "swiss"]
[EventRounds "11"]
[EventCountry "CAN"]

1. d4 Nf6 2. c4 e6 3. g3 Bb4+ 4. Bd2 Be7 5. Bg2 d5 6. Nf3 O-O 7. O-O dxc4 8. Qc2 a6 9. Qxc4 b5 10. Qc2 Bb7 11. Bf4 Nc6 12. Rd1 Nb4 13. Qc1 Rc8 14. a3 Nbd5 15. b4 a5 16. bxa5 c5 17. Qd2 Nxf4 18. Qxf4 Qxa5 19. dxc5 Bxc5 20. Ne1 Bxg2 21. Kxg2 e5 22. Qh4 e4 23. Nd2 Qa8 24. e3 Rfd8 25. Nc2 Qa4 26. Rac1 Bxa3 27. Nxa3 Rxc1 28. Rxc1 Qxa3 29. Rc6 Qd3 30. Rxf6 Qxd2 31. Rb6 f6 32. Rxb5 Qe2 33. Qh5 Qxh5 34. Rxh5 g6 35. Ra5 Rd7 36. Ra4 1/2-1/2

[Event "CAN-ch"]
[Site "Toronto CAN"]
[Date "2004.08.26"]
[Round "7.22"]
[White "Tipu, Vincent"]
[Black "Henry, Liam"]
[Result "1-0"]
[WhiteElo "2307"]
[BlackElo "2145"]
[PlyCount "49"]
[GameId "2160767911086240"]
[EventDate "2004.08.20"]
[EventType "swiss"]
[EventRounds "11"]
[EventCountry "CAN"]

1. d4 Nf6 2. c4 e6 3. Nc3 Bb4 4. f3 d5 5. a3 Bxc3+ 6. bxc3 O-O 7. cxd5 exd5 8. e3 c5 9. Bd3 Re8 10. Ne2 b6 11. O-O Bb7 12. Ng3 Nc6 13. Ra2 Rc8 14. Kh1 Kh8 15. Re2 cxd4 16. cxd4 Na5 17. e4 Nc4 18. e5 Ng8 19. f4 b5 20. Bb1 Rc7 21. Qd3 g6 22. f5 Bc8 23. Ref2 a5 24. e6 fxe6 25. fxg6 1-0

[Event "CAN-ch"]
[Site "Toronto CAN"]
[Date "2004.08.26"]
[Round "7.23"]
[White "St Amand, Paul Jr"]
[Black "Golts, Roman"]
[Result "1/2-1/2"]
[WhiteElo "2139"]
[BlackElo "2271"]
[PlyCount "41"]
[GameId "2160767911086241"]
[EventDate "2004.08.20"]
[EventType "swiss"]
[EventRounds "11"]
[EventCountry "CAN"]

1. e4 e6 2. d4 d5 3. Nd2 c5 4. exd5 exd5 5. Ngf3 Nc6 6. Bb5 Bd6 7. O-O Nge7 8. dxc5 Bxc5 9. Nb3 Bd6 10. c3 O-O 11. Bd3 h6 12. h3 Bf5 13. Nbd4 Bxd3 14. Qxd3 Rc8 15. Be3 Qd7 16. Rad1 Rfd8 17. Rfe1 Ng6 18. Qf5 Nxd4 19. Nxd4 Qa4 20. a3 Bb8 21. Nf3 1/2-1/2